[Event "II Festival"]
[Site "Siracusa ITA"]
[Date "2007.09.09"]
[Round "9"]
[White "Cordaro, Giovanni"]
[Black "Monica, Vincenzo"]
[Result "0-1"]
[WhiteElo "1497"]
[BlackElo "1514"]
[PlyCount "89"]
[EventDate "2007.09.02"]

1. d4 d5 2. c4 e6 3. Nc3 Nf6 4. Bg5 Be7 5. e3 Nbd7 6. cxd5 exd5 7. Nf3 c6 8.
Be2 Ne4 9. Bxe7 Qxe7 10. Qc2 Ndf6 11. Ne5 Bf5 12. Bd3 Qe6 13. f3 Nd6 14. Bxf5
Nxf5 15. Qe2 O-O 16. Rc1 Rfe8 17. Na4 Nd7 18. O-O Nxe5 19. Nc5 Qh6 20. dxe5
Rxe5 21. e4 Nd6 22. f4 Rh5 23. g3 dxe4 24. Nxe4 Re8 25. Rfd1 f5 26. Rxd6 Qxd6
27. Qc4+ Qd5 28. Qe2 Rxe4 29. Qxh5 g6 30. Qd1 Rd4 31. Qe2 Kf7 32. b3 Rd2 33.
Qf1 Rxa2 34. Rd1 Rd2 35. Rxd2 Qxd2 36. Qc4+ Qd5 37. Qa4 a6 38. b4 Ke6 39. Qa1
c5 40. Qg7 Qd4+ 41. Qxd4 cxd4 42. Kf2 Kd5 43. Ke2 Kc4 44. Kd2 Kxb4 45. Kd3 0-1

[Event "II Festival"]
[Site "Siracusa ITA"]
[Date "2007.09.09"]
[Round "9"]
[White "Corsino, Gianluca"]
[Black "Grandinetti, Pietro"]
[Result "1/2-1/2"]
[WhiteElo "2004"]
[BlackElo "1726"]
[PlyCount "38"]
[EventDate "2007.09.02"]

1. d4 c5 2. d5 g6 3. c4 e6 4. e4 exd5 5. exd5 d6 6. Nc3 Bg7 7. Nf3 Nf6 8. Bd3
O-O 9. O-O a6 10. h3 Nbd7 11. Bf4 Qc7 12. Re1 b6 13. Qd2 Bb7 14. a4 Rfe8 15.
Rxe8+ Rxe8 16. Re1 Ne5 17. Nxe5 dxe5 18. Bh6 Qd7 19. Bxg7 Kxg7 1/2-1/2

[Event "II Festival"]
[Site "Siracusa ITA"]
[Date "2007.09.09"]
[Round "9"]
[White "Cultrera, Salvatore"]
[Black "Carnemolla, Giampaolo"]
[Result "0-1"]
[WhiteElo "1681"]
[BlackElo "1692"]
[PlyCount "90"]
[EventDate "2007.09.02"]

1. d4 Nf6 2. Nf3 g6 3. Bf4 d6 4. Nbd2 Bg7 5. c3 O-O 6. Qc2 d5 7. e4 dxe4 8.
Nxe4 Bf5 9. Bd3 Nxe4 10. Bxe4 Bxe4 11. Qxe4 c6 12. Be5 Qd5 13. Qe3 Nd7 14. Bxg7
Kxg7 15. O-O e6 16. Rfe1 Rac8 17. Qd3 Rfd8 18. Re4 c5 19. c4 Qd6 20. Qc3 Kg8
21. Rh4 cxd4 22. Rxd4 Qe7 23. Rh4 Rc6 24. b3 Rd6 25. Rd4 Qf6 26. Qe3 Nb8 27.
Rc1 Nc6 28. Rxd6 Rxd6 29. Qe2 Qd8 30. h3 Nd4 31. Nxd4 Rxd4 32. c5 Rd2 33. Qb5
Qd4 34. Qxb7 Rxf2 35. Rc4 Qd2 36. Qb8+ Kg7 37. Qg3 Re2 38. c6 Re1+ 39. Kh2 Qd1
40. Qf3 Rh1+ 41. Kg3 Qd6+ 42. Qf4 e5 43. Qh4 Rf1 44. c7 e4+ 45. Kg4 Qf4# 0-1

[Event "II Festival"]
[Site "Siracusa ITA"]
[Date "2007.09.09"]
[Round "9"]
[White "Ljubisavljevic, Zivojin Z."]
[Black "Timoshenko, Georgy"]
[Result "1/2-1/2"]
[WhiteElo "2296"]
[BlackElo "2559"]
[PlyCount "48"]
[EventDate "2007.09.02"]

1. e4 c5 2. f4 e6 3. Nf3 d5 4. Bb5+ Nc6 5. Bxc6+ bxc6 6. e5 c4 7. O-O Nh6 8.
Kh1 Be7 9. b3 Ba6 10. bxc4 dxc4 11. a4 O-O 12. Ba3 c5 13. Nc3 Nf5 14. Qe2 Nd4
15. Nxd4 Qxd4 16. Qe3 Rfd8 17. Ne4 Rac8 18. Rfe1 Bb7 19. Rad1 h6 20. Nd6 Qd5
21. Nxb7 Qxb7 22. Qe4 Qa6 23. Bb2 Qxa4 24. Ra1 Qd7 1/2-1/2

[Event "II Festival"]
[Site "Siracusa ITA"]
[Date "2007.09.09"]
[Round "9"]
[White "Lo Bosco, Salvatore"]
[Black "Ferrigno, Vincenzo"]
[Result "1-0"]
[WhiteElo "1822"]
[BlackElo "1754"]
[PlyCount "93"]
[EventDate "2007.09.02"]

1. Nf3 d5 2. d3 Nf6 3. Nbd2 b6 4. g3 Bb7 5. Bg2 Nbd7 6. O-O e5 7. Re1 Bd6 8. e4
c6 9. Qe2 O-O 10. Nf1 d4 11. h4 Re8 12. N1h2 Nf8 13. Bg5 Bc8 14. Kh1 h6 15. Bd2
N8h7 16. Rg1 Ng4 17. Nxg4 Bxg4 18. Qf1 Qc8 19. Nh2 Bd7 20. f4 Re6 21. f5 Rf6
22. Ng4 c5 23. Nxf6+ Nxf6 24. b3 b5 25. Qf3 c4 26. Bf1 Bc6 27. g4 Qb7 28. Bg2
c3 29. Bc1 Rd8 30. g5 hxg5 31. hxg5 Ne8 32. Bh3 Bf8 33. f6 g6 34. Rg2 Nd6 35.
Re2 Ne8 36. Rh2 Nd6 37. Bg2 Bd7 38. Qg3 Nf5 39. exf5 Bc6 40. fxg6 fxg6 41. Qh3
Bxg2+ 42. Rxg2 Rd7 43. Qe6+ Kh8 44. Kg1 Rh7 45. Qe8 Rf7 46. Ba3 Kg8 47. Bxf8
1-0

[Event "II Festival"]
[Site "Siracusa ITA"]
[Date "2007.09.09"]
[Round "9"]
[White "Minniti, Cristiano"]
[Black "Condorelli, Roberto"]
[Result "1/2-1/2"]
[WhiteElo "1548"]
[BlackElo "1575"]
[PlyCount "56"]
[EventDate "2007.09.02"]

1. e4 c6 2. d4 d5 3. Nc3 dxe4 4. Nxe4 Nd7 5. Bc4 Ngf6 6. Nxf6+ Nxf6 7. Bf4 Nd5
8. Qd2 Bf5 9. Bb3 e6 10. c3 a5 11. Nf3 a4 12. Bc4 Nb6 13. Be2 Be7 14. O-O O-O
15. Ne5 Nd7 16. Rfe1 Bf6 17. Bf3 Ra5 18. Rad1 Nb6 19. Qe2 Nd5 20. Bxd5 Rxd5 21.
Qc4 Qa5 22. Rd2 Rfd8 23. b3 c5 24. Kf1 cxd4 25. Rxd4 Rxd4 26. cxd4 axb3 27.
axb3 Qd5 28. Qxd5 Rxd5 1/2-1/2

[Event "II Festival"]
[Site "Siracusa ITA"]
[Date "2007.09.09"]
[Round "9"]
[White "Parla, Aldo"]
[Black "Minniti, Elenamaria"]
[Result "1/2-1/2"]
[WhiteElo "1562"]
[BlackElo "1518"]
[PlyCount "31"]
[EventDate "2007.09.02"]

1. e4 c5 2. Nf3 d6 3. d4 cxd4 4. c3 dxc3 5. Nxc3 g6 6. Bc4 Nf6 7. e5 Ng4 8. O-O
Qc7 9. Qb3 e6 10. Nb5 Qc5 11. h3 Nxe5 12. Nxe5 dxe5 13. Be3 Qc6 14. Nxa7 Qc7
15. Bb6 Qd6 16. Rad1 1/2-1/2

[Event "II Festival"]
[Site "Siracusa ITA"]
[Date "2007.09.09"]
[Round "9"]
[White "Rettore, Ludwig"]
[Black "Zimmer, Hans Werner"]
[Result "1-0"]
[WhiteElo "2182"]
[BlackElo "2011"]
[PlyCount "91"]
[EventDate "2007.09.02"]

1. e4 e5 2. Nf3 Nc6 3. Bc4 Nf6 4. d3 Be7 5. O-O d6 6. c3 O-O 7. a4 Bg4 8. h3
Bh5 9. Re1 Re8 10. Nbd2 Bf8 11. a5 a6 12. Nf1 h6 13. Ng3 Bxf3 14. Qxf3 g6 15.
h4 h5 16. Bg5 Bg7 17. Nf1 Qe7 18. Ne3 Qd8 19. Nd5 Re6 20. b4 Nb8 21. Nxc7 Qxc7
22. Bxe6 fxe6 23. Bxf6 Nd7 24. Bxg7 Kxg7 25. Qh3 Re8 26. Rac1 Nf6 27. c4 Nd7
28. Qe3 Rf8 29. g3 Rf7 30. Kg2 Qd8 31. Qg5 Qf8 32. Qe3 Qd8 33. Ra1 Qc7 34. Rec1
Qc6 35. Rab1 Qc7 36. c5 d5 37. exd5 exd5 38. Re1 Rf5 39. Rbc1 Nf6 40. f3 Qc6
41. d4 e4 42. Rf1 Qe6 43. Rce1 Qc6 44. fxe4 Rxf1 45. Rxf1 Nxe4 46. Qf4 1-0

[Event "II Festival"]
[Site "Siracusa ITA"]
[Date "2007.09.09"]
[Round "9"]
[White "Rosolia, Giuseppe"]
[Black "Minniti, Giuseppe"]
[Result "0-1"]
[WhiteElo "1930"]
[BlackElo "1827"]
[PlyCount "114"]
[EventDate "2007.09.02"]

1. d4 Nf6 2. Nf3 e6 3. Bg5 b6 4. e3 Bb7 5. Be2 Be7 6. O-O d6 7. c4 Ne4 8. Bxe7
Qxe7 9. Qc2 O-O 10. Nbd2 f5 11. Rac1 Nd7 12. Rfd1 Ndf6 13. h3 g5 14. Nh2 Qg7
15. f3 Ng3 16. Ndf1 Nfh5 17. d5 e5 18. b4 a5 19. c5 axb4 20. cxd6 cxd6 21. Nxg3
Nxg3 22. Bb5 Rac8 23. Bc6 Qh6 24. Nf1 f4 25. Nxg3 fxg3 26. Qe4 Ba6 27. Bd7 Ra8
28. Rc7 Bc8 29. Be6+ Bxe6 30. dxe6 g4 31. Qxg4+ Kh8 32. Qe4 Rxa2 33. e7 Re8 34.
f4 Qh5 35. Rf1 Qe2 36. fxe5 Rd2 37. Rf8+ Kg7 38. Rf1 Rd1 39. Qf4 Rxf1+ 40. Qxf1
Qxe3+ 41. Kh1 Qxe5 42. Rc4 Rxe7 43. Rg4+ Kh6 44. Qf8+ Rg7 45. Rf4 Qe7 46. Qf5
Qg5 47. Qf8 Qe7 48. Qf5 Qe1+ 49. Rf1 Qe5 50. Qf8 Kg6 51. Rf4 Qe1+ 52. Rf1 Qe6
53. h4 h5 54. Rf3 Qe1+ 55. Rf1 Qe5 56. Rf3 b3 57. Rxb3 Qe1+ 0-1

[Event "II Festival"]
[Site "Siracusa ITA"]
[Date "2007.09.09"]
[Round "9"]
[White "Salvaggio, Salvatore"]
[Black "Norrito, Salvatore"]
[Result "1-0"]
[WhiteElo "1766"]
[BlackElo "1812"]
[PlyCount "93"]
[EventDate "2007.09.02"]

1. d4 d5 2. c4 e6 3. Nc3 Nf6 4. Bg5 Nbd7 5. Nf3 c5 6. cxd5 cxd4 7. Qxd4 Bc5 8.
Bxf6 gxf6 9. Qc4 Qc7 10. e3 Nb6 11. Qb3 Ke7 12. Rd1 exd5 13. Qxb6 Qxb6 14.
Nxd5+ Ke6 15. Nxb6 axb6 16. Bc4+ Ke7 17. a3 Bd7 18. Nd4 Rad8 19. O-O f5 20.
Rfe1 Kf6 21. g3 h5 22. h4 Rhg8 23. Kf1 Bxd4 24. Rxd4 Rg4 25. Red1 Ke7 26. Be2
Rxd4 27. Rxd4 Rh8 28. Ke1 Bc6 29. Rb4 Kf6 30. Rxb6 Kg6 31. Bf3 Rc8 32. Bxc6
bxc6 33. Rb4 c5 34. Rc4 Rb8 35. b4 cxb4 36. axb4 Kf6 37. Kd2 Ke5 38. Kc3 f6 39.
Kd3 Rd8+ 40. Rd4 Ra8 41. b5 Ra2 42. Rb4 Kd5 43. b6 Ra8 44. b7 Rb8 45. Rb5+ Kc6
46. Rxf5 Kxb7 47. Rb5+ 1-0

[Event "II Festival"]
[Site "Siracusa ITA"]
[Date "2007.09.09"]
[Round "9"]
[White "Tibaldeschi, Attilio"]
[Black "Fernandez, Gianluca"]
[Result "1-0"]
[WhiteElo "1532"]
[BlackElo "1502"]
[PlyCount "107"]
[EventDate "2007.09.02"]

1. Nf3 g6 2. e3 Bg7 3. d4 d6 4. b3 Bg4 5. Be2 Nd7 6. Bb2 f6 7. O-O e5 8. Nbd2
d5 9. h3 Bxf3 10. Nxf3 e4 11. Nh2 Qe7 12. c4 c6 13. Rc1 Nb6 14. Rc2 Qe6 15. a4
Ne7 16. a5 Nd7 17. Bc1 O-O 18. Ba3 f5 19. cxd5 cxd5 20. Bb5 Rfc8 21. Bxd7 Qxd7
22. f3 Bh6 23. fxe4 Bxe3+ 24. Kh1 Rxc2 25. Qxc2 dxe4 26. Qe2 Bxd4 27. Bxe7 Qxe7
28. Qc4+ Qf7 29. Qxd4 Qxb3 30. Rc1 Qf7 31. Nf1 a6 32. Ng3 Re8 33. Qb6 Re7 34.
Qd8+ Kg7 35. Qd4+ Qf6 36. Qb4 Qe5 37. Ne2 Rc7 38. Rd1 Qb5 39. Qd4+ Kf7 40. Nf4
Qc5 41. Qh8 Qf8 42. Qxh7+ Qg7 43. Qxg7+ Kxg7 44. Ne6+ Kf6 45. Nxc7 Ke5 46. Kg1
f4 47. Kf2 g5 48. Rd8 Kf6 49. Nd5+ Ke5 50. Nb6 Ke6 51. Rd7 Ke5 52. Ke2 Ke6 53.
Rxb7 Ke5 54. Rg7 1-0

[Event "II Festival"]
[Site "Siracusa ITA"]
[Date "2007.09.09"]
[Round "9"]
[White "Valguarnera, Girolamo"]
[Black "Seminara, Antonio"]
[Result "0-1"]
[WhiteElo "2185"]
[BlackElo "1980"]
[PlyCount "74"]
[EventDate "2007.09.02"]

1. e4 c5 2. Nf3 Nc6 3. Nc3 Nf6 4. g3 d6 5. d3 g6 6. Bg2 Bg7 7. O-O O-O 8. Bg5
h6 9. Bd2 Rb8 10. h3 b5 11. Be3 Ne8 12. Qd2 Kh7 13. Nh4 b4 14. Ne2 g5 15. Nf5
Bxb2 16. g4 Bxa1 17. Rxa1 e5 18. h4 f6 19. Kh2 Nd4 20. Neg3 Nxf5 21. gxf5 Ng7
22. Bf3 Bd7 23. Rh1 Rh8 24. Kg2 Kg8 25. Qd1 Be8 26. Rh2 Ba4 27. Qh1 Kf7 28.
hxg5 hxg5 29. Rh7 Qg8 30. Qh5+ Ke7 31. Rxh8 Qxh8 32. Qg6 Be8 33. Qxg5 fxg5 34.
Bxg5+ Kd7 35. Bg4 Bh5 36. Bh3 Bf3+ 37. Kxf3 Qxh3 0-1

[Event "XLIX Festival A"]
[Site "Imperia ITA"]
[Date "2007.09.02"]
[Round "1"]
[White "Barlocco, Carlo"]
[Black "Mozny, Milos"]
[WhiteElo "2116"]
[BlackElo "2373"]
[Result "1-0"]
[PlyCount "61"]
[EventDate "2007.09.02"]

1. d4 d5 2. c4 e5 3. dxe5 d4 4. Nf3 c5 5. e3 Nc6 6. Be2 f6 7. exf6 Nxf6 8. O-O
Bd6 9. Na3 O-O 10. Nb5 Bb8 11. exd4 a6 12. d5 axb5 13. dxc6 Qc7 14. cxb5 bxc6
15. Qb3+ Kh8 16. b6 Qe7 17. Re1 Bg4 18. Bg5 Qd6 19. Bh4 Nd5 20. Bg3 Nf4 21.
Rad1 Qh6 22. a3 Qh5 23. Bf1 Nh3+ 24. gxh3 Bxf3 25. Rd7 Bxg3 26. hxg3 Bd5 27.
Qc3 Rf7 28. Ree7 Rf6 29. Rxg7 Qf5 30. Rxh7+ Kg8 31. Rdg7+ 1-0

[Event "XLIX Festival A"]
[Site "Imperia ITA"]
[Date "2007.09.02"]
[Round "1"]
[White "Bertino, Paolo"]
[Black "Isonzo, David"]
[WhiteElo "2103"]
[BlackElo "2356"]
[Result "0-1"]
[PlyCount "108"]
[EventDate "2007.09.02"]

1. d4 Nf6 2. Bg5 d5 3. Bxf6 exf6 4. e3 c6 5. c4 dxc4 6. Bxc4 Bd6 7. Ne2 O-O 8.
O-O Qc7 9. Kh1 f5 10. Nd2 Nd7 11. Rc1 Nf6 12. Ng3 g6 13. Qf3 h5 14. Rfe1 Kg7
15. e4 Bf4 16. e5 Bxd2 17. exf6+ Kxf6 18. Re7 Qf4 19. Qxf4 Bxf4 20. Rce1 Kg5
21. Re8 Rxe8 22. Rxe8 b5 23. Bxf7 Kf6 24. Bb3 Bd6 25. Ne2 Rb8 26. Kg1 Bd7 27.
Rxb8 Bxb8 28. f4 a5 29. a4 Be6 30. d5 bxa4 31. Bxa4 Bxd5 32. g3 Ba7+ 33. Kf1
Bf3 34. Nc1 Ke6 35. Nd3 Bd4 36. b4 axb4 37. Nxb4 Kd6 38. Bb3 Ke7 39. Bc4 Be4
40. h3 Bc3 41. Nd3 Kd6 42. Nf2 Bd5 43. Bd3 Kc5 44. g4 Be6 45. gxh5 gxh5 46. Bc2
Kd4 47. Ke2 h4 48. Nd1 Bc4+ 49. Kf2 Bd3 50. Bb3 Bd2 51. Be6 Bxf4 52. Nb2 Be3+
53. Kf3 Be4+ 54. Ke2 f4 0-1

[Event "XLIX Festival A"]
[Site "Imperia ITA"]
[Date "2007.09.02"]
[Round "1"]
[White "Del Dotto, Riccardo"]
[Black "Pedemonte, Claudio"]
[WhiteElo "2168"]
[BlackElo "1915"]
[Result "1-0"]
[PlyCount "55"]
[EventDate "2007.09.02"]

1. e4 d5 2. exd5 Qxd5 3. Nc3 Qa5 4. Bc4 Bf5 5. d3 c6 6. Bd2 Qc7 7. Qe2 Nf6 8.
h3 Nbd7 9. g4 Bg6 10. f4 h6 11. Nf3 O-O-O 12. f5 Bh7 13. Bxf7 Bg8 14. Bxg8 Rxg8
15. O-O-O Nc5 16. d4 Na6 17. h4 Nxg4 18. Qe6+ Kb8 19. Qxg8 Nf2 20. Rhf1 Nxd1
21. Nxd1 Qb6 22. Qc4 Rd5 23. Ne3 Rb5 24. Qf7 Rxb2 25. Qxf8+ Kc7 26. Qxe7+ Kc8
27. Qe8+ Kc7 28. Nd5+ 1-0

[Event "XLIX Festival A"]
[Site "Imperia ITA"]
[Date "2007.09.02"]
[Round "1"]
[White "Di Paolo, Raffaele"]
[Black "Raineri, Valerio"]
[WhiteElo "2357"]
[BlackElo "2108"]
[Result "1-0"]
[PlyCount "103"]
[EventDate "2007.09.02"]

1. e4 e5 2. Nf3 Nc6 3. Bb5 a6 4. Ba4 Nge7 5. O-O d6 6. c3 Bd7 7. d4 Ng6 8. Re1
Be7 9. Nbd2 O-O 10. Nf1 Qe8 11. Bb3 Bg4 12. d5 Nh4 13. N1d2 Nd8 14. h3 Nxf3+
15. Nxf3 Bd7 16. Be3 f5 17. exf5 Bxf5 18. Nxe5 dxe5 19. d6+ Kh8 20. dxe7 Qxe7
21. Bd5 Qf6 22. Bc5 Re8 23. f4 e4 24. Be3 Ne6 25. Bd4 Nxd4 26. Qxd4 h5 27. Qxf6
gxf6 28. Bf7 Red8 29. Bxh5 Rd2 30. Re2 Rad8 31. Rae1 Be6 32. Rxd2 Rxd2 33. Rxe4
Bxa2 34. Re2 Rd7 35. Bg4 Rf7 36. Kf2 Kg7 37. Bf5 Bb3 38. g4 c5 39. h4 a5 40.
Be6 Bxe6 41. Rxe6 b5 42. Rc6 b4 43. Rxc5 bxc3 44. Rxc3 Rb7 45. b3 Rb4 46. Kg3
Kh7 47. g5 Kg6 48. Rc6 Rxb3+ 49. Kg4 Rb1 50. Rxf6+ Kg7 51. Ra6 Ra1 52. Kf5 1-0

[Event "XLIX Festival A"]
[Site "Imperia ITA"]
[Date "2007.09.02"]
[Round "1"]
[White "Froeschl, Felix"]
[Black "Malano, Francesco"]
[WhiteElo "2191"]
[BlackElo "1980"]
[Result "1/2-1/2"]
[PlyCount "115"]
[EventDate "2007.09.02"]

1. d4 c5 2. d5 e5 3. e4 d6 4. Nc3 Be7 5. Be2 a6 6. a4 b6 7. Nf3 Bg4 8. Nd2 Bc8
9. Nc4 Nd7 10. O-O Qc7 11. f4 exf4 12. Bxf4 f6 13. Bg4 Ne5 14. Bxe5 fxe5 15.
Bxc8 Rxc8 16. Qg4 Nf6 17. Qxg7 Rg8 18. Qh6 Rg6 19. Qh3 Rb8 20. Nd2 Qd7 21. Qf5
Qxf5 22. exf5 Rg4 23. Rac1 Rd4 24. Nf3 Rb4 25. b3 b5 26. axb5 axb5 27. g3 Rg4
28. Rcd1 Bf8 29. Kg2 Bh6 30. Rfe1 Rg7 31. Ne4 Nxe4 32. Rxe4 Ra8 33. Rh4 Be3 34.
Re1 Bg5 35. Rg4 Bf6 36. Rxg7 Bxg7 37. g4 Ra2 38. Re2 h6 39. h4 Kf7 40. Kh3 b4
41. g5 c4 42. Ng1 Ra3 43. f6 cxb3 44. cxb3 Rxb3+ 45. Kg4 Rb1 46. Nh3 Bf8 47.
Kf5 Rf1+ 48. Nf2 hxg5 49. hxg5 Rg1 50. Ra2 b3 51. Ra7+ Kg8 52. Nd3 e4 53. Kxe4
Rxg5 54. Rb7 Rh5 55. Rxb3 Kf7 56. Rb8 Rh4+ 57. Kf5 Rh5+ 58. Ke4 1/2-1/2

[Event "XLIX Festival A"]
[Site "Imperia ITA"]
[Date "2007.09.02"]
[Round "1"]
[White "Gioseffi, Massimiliano"]
[Black "Luciani, Carlo"]
[WhiteElo "2014"]
[BlackElo "2237"]
[Result "0-1"]
[PlyCount "154"]
[EventDate "2007.09.02"]

1. d4 Nf6 2. Nf3 g6 3. c4 Bg7 4. Nc3 O-O 5. g3 d6 6. Bg2 Nc6 7. O-O Bf5 8. Ne1
Na5 9. e4 Bg4 10. f3 Bd7 11. Qe2 c5 12. d5 a6 13. Bd2 Rb8 14. b3 b5 15. Rc1 e6
16. Nc2 exd5 17. Nxd5 bxc4 18. Nxf6+ Bxf6 19. Qe1 Nc6 20. bxc4 Ne5 21. Qe2 Rb2
22. Bc3 Rxa2 23. Ra1 Rxa1 24. Rxa1 Qb6 25. f4 Ng4 26. Bxf6 Nxf6 27. Qd3 Rb8 28.
Qc3 Qb2 29. Qxb2 Rxb2 30. Ne3 Rb3 31. Kf2 Rb6 32. h3 Bc6 33. Nd5 Nxd5 34. cxd5
Rb2+ 35. Kg1 Bb5 36. e5 dxe5 37. fxe5 Re2 38. Bf1 Rxe5 39. Bxb5 axb5 40. Ra8+
Kg7 41. Ra5 Rxd5 42. Rxb5 Kf6 43. Kf2 Re5 44. Rb7 Re7 45. Rb5 Re5 46. Rb6+ Ke7
47. g4 Re4 48. Kf3 Rb4 49. Rc6 Rb3+ 50. Ke4 Rxh3 51. Rxc5 h5 52. gxh5 Rxh5 53.
Rc7+ Kf6 54. Kf4 Rh4+ 55. Kg3 Ra4 56. Rb7 g5 57. Rb5 Kg6 58. Rd5 Kh5 59. Rf5
Ra3+ 60. Kg2 Kg6 61. Rb5 f5 62. Rb6+ Kh5 63. Rb4 f4 64. Rb1 Kg4 65. Rg1 Rg3+
66. Kf2 Rxg1 67. Kxg1 Kf3 68. Kh2 Kf2 69. Kh1 f3 70. Kh2 Ke3 71. Kg3 f2 72. Kg2
Ke2 73. Kh2 f1=Q 74. Kg3 Qf4+ 75. Kh3 Qh4+ 76. Kg2 Ke3 77. Kg1 Kf3 0-1

[Event "XLIX Festival A"]
[Site "Imperia ITA"]
[Date "2007.09.02"]
[Round "1"]
[White "Jurek, Josef"]
[Black "Schrott, Ernst"]
[WhiteElo "2350"]
[BlackElo "2103"]
[Result "1-0"]
[PlyCount "67"]
[EventDate "2007.09.02"]

1. Nf3 g6 2. d4 Bg7 3. c4 c5 4. d5 b5 5. cxb5 a6 6. bxa6 Bxa6 7. Nc3 Nf6 8. e4
Bxf1 9. Kxf1 d6 10. g3 O-O 11. Kg2 Nbd7 12. Rb1 Ra6 13. Bg5 Qa8 14. Rc1 e6 15.
Rc2 exd5 16. exd5 h6 17. Bf4 g5 18. Bc1 g4 19. Nh4 Nb6 20. Nf5 Nbxd5 21. Nxd5
Qxd5+ 22. Qxd5 Nxd5 23. a3 Nf6 24. Rd1 Nh5 25. Bxh6 Bxh6 26. Nxh6+ Kg7 27. Nxg4
f5 28. Ne3 f4 29. gxf4 Rxf4 30. Rd5 Nf6 31. Nf5+ Kg6 32. Rxd6 Ra7 33. Ng3 Rh7
34. Rxc5 1-0

[Event "XLIX Festival A"]
[Site "Imperia ITA"]
[Date "2007.09.02"]
[Round "1"]
[White "Lacrosse, Marc"]
[Black "Faraci, Antonino"]
[WhiteElo "2301"]
[BlackElo "2051"]
[Result "1-0"]
[PlyCount "54"]
[EventDate "2007.09.02"]

1. d4 c5 2. d5 e6 3. c4 exd5 4. cxd5 d6 5. Nc3 Nf6 6. e4 Be7 7. Bd3 O-O 8. h3
Na6 9. Nf3 Nc7 10. a4 b6 11. O-O a6 12. Re1 Bb7 13. Bf4 b5 14. axb5 axb5 15.
Rxa8 Bxa8 16. Nxb5 Nxb5 17. Bxb5 Qb6 18. Bc4 Qxb2 19. e5 dxe5 20. Bxe5 Qb4 21.
Qd3 Qb7 22. Rb1 Qd7 23. Ng5 g6 24. d6 Bd8 25. Rb8 Qc6 26. f3 Nd5 27. Nxf7 Kxf7
1-0

[Event "XLIX Festival A"]
[Site "Imperia ITA"]
[Date "2007.09.02"]
[Round "1"]
[White "Mazur, Stefan"]
[Black "De Santis, Alessio"]
[WhiteElo "2070"]
[BlackElo "2345"]
[Result "1-0"]
[PlyCount "45"]
[EventDate "2007.09.02"]

1. e4 c5 2. Nf3 e6 3. c4 Nc6 4. Nc3 a6 5. Be2 Qc7 6. O-O Nf6 7. d4 Ng4 8. h3
cxd4 9. Nd5 exd5 10. exd5 h5 11. dxc6 Bc5 12. b4 Bxb4 13. Qxd4 Be7 14. hxg4
hxg4 15. Qxg7 Rf8 16. Ne5 bxc6 17. Nxg4 Bb7 18. Nf6+ Kd8 19. Bg4 Qe5 20. Bg5
Kc8 21. Rfe1 Qb2 22. Rab1 Qxa2 23. Nxd7 1-0

[Event "XLIX Festival A"]
[Site "Imperia ITA"]
[Date "2007.09.02"]
[Round "1"]
[White "Mela, Riccardo"]
[Black "Schacher, Gerd"]
[WhiteElo "2044"]
[BlackElo "2288"]
[Result "1/2-1/2"]
[PlyCount "65"]
[EventDate "2007.09.02"]

1. e4 c5 2. Nf3 d6 3. d3 g6 4. g3 Bg7 5. Bg2 Nc6 6. c3 e6 7. O-O Nge7 8. Be3
O-O 9. Qc1 b6 10. Bh6 Ba6 11. Bxg7 Kxg7 12. Rd1 Rc8 13. Na3 Qc7 14. Qe3 d5 15.
Rac1 Rfd8 16. Nc2 dxe4 17. dxe4 Rd7 18. Bf1 Bxf1 19. Kxf1 Rcd8 20. Qe2 Ne5 21.
Rxd7 Rxd7 22. Rd1 N7c6 23. Nxe5 Nxe5 24. f4 Rxd1+ 25. Qxd1 Nc4 26. b3 Nd6 27.
e5 Nf5 28. Kf2 Qc6 29. Qd8 Qe4 30. Qf6+ Kg8 31. Qd8+ Kg7 32. Qf6+ Kh6 33. Qg5+
1/2-1/2

[Event "XLIX Festival A"]
[Site "Imperia ITA"]
[Date "2007.09.02"]
[Round "1"]
[White "Moncelli, Giorgio"]
[Black "Likavsky, Tomas"]
[WhiteElo "2147"]
[BlackElo "2494"]
[Result "1/2-1/2"]
[PlyCount "91"]
[EventDate "2007.09.02"]

1. d4 Nf6 2. Nf3 e6 3. Bg5 c5 4. e3 h6 5. Bh4 cxd4 6. exd4 d6 7. Bd3 Nbd7 8.
O-O Be7 9. Nbd2 O-O 10. c3 b6 11. Re1 Bb7 12. h3 Nh5 13. Bxe7 Qxe7 14. a4 Nf4
15. Bf1 a6 16. g3 Ng6 17. Bg2 Rab8 18. Qe2 Nf6 19. Nc4 Qc7 20. Ne3 Rfc8 21. Nd2
Bxg2 22. Kxg2 b5 23. axb5 axb5 24. Rec1 Qb7+ 25. Qf3 d5 26. Nc2 e5 27. Nb3 e4
28. Qe2 Nd7 29. Nb4 Ne7 30. Ra6 Rc7 31. Rca1 Qc8 32. R6a5 Rc4 33. Na6 Rb6 34.
Nac5 Nxc5 35. Nxc5 b4 36. Ra8 Rb8 37. Rxb8 Qxb8 38. Nxe4 bxc3 39. Nxc3 Nf5 40.
Qf3 g6 41. Qxd5 Rc8 42. Nb5 Rd8 43. Qc6 Rc8 44. Qd5 Rd8 45. Qc6 Rc8 46. Qd5
1/2-1/2

[Event "XLIX Festival A"]
[Site "Imperia ITA"]
[Date "2007.09.02"]
[Round "1"]
[White "Poloch, Petr"]
[Black "Gervasio, Francesco"]
[WhiteElo "2308"]
[BlackElo "2055"]
[Result "1-0"]
[PlyCount "73"]
[EventDate "2007.09.02"]

1. e4 c5 2. Nf3 Nc6 3. Bb5 g6 4. c3 Nf6 5. Qe2 Bg7 6. O-O O-O 7. d3 Qc7 8. Nbd2
a6 9. Ba4 b5 10. Bb3 d6 11. a4 Bb7 12. d4 e6 13. Re1 Qb6 14. dxc5 dxc5 15. Bc2
c4 16. Nf1 Qc7 17. Bg5 Nd7 18. Rad1 h6 19. Bh4 Rfe8 20. Bg3 e5 21. Ne3 Ne7 22.
Ng4 Rad8 23. Bh4 h5 24. Ne3 Nf6 25. Ng5 Rxd1 26. Rxd1 Rd8 27. Rxd8+ Qxd8 28.
axb5 axb5 29. b3 Ba6 30. bxc4 bxc4 31. Nxc4 Qa8 32. Bd3 Nc6 33. h3 Nd7 34. Nd6
Bxd3 35. Qxd3 Qa1+ 36. Kh2 Qa7 37. Qd5 1-0

[Event "XLIX Festival A"]
[Site "Imperia ITA"]
[Date "2007.09.02"]
[Round "1"]
[White "Stoppa, Omar"]
[Black "Pesce, Gabriele"]
[WhiteElo "2226"]
[BlackElo "2000"]
[Result "1-0"]
[PlyCount "41"]
[EventDate "2007.09.02"]

1. e4 c5 2. b4 b6 3. bxc5 bxc5 4. Bc4 e6 5. Nc3 Bb7 6. Rb1 Qc7 7. Nf3 Nf6 8.
Nb5 Qc6 9. d3 a6 10. Nc3 d6 11. Qe2 Nbd7 12. Bd5 Nxd5 13. exd5 Qc7 14. dxe6 Ne5
15. Nxe5 dxe5 16. exf7+ Kxf7 17. O-O Bd6 18. Ne4 Bd5 19. c4 Bc6 20. Qg4 Rhf8
21. Qf5+ 1-0

[Event "XLIX Festival A"]
[Site "Imperia ITA"]
[Date "2007.09.02"]
[Round "1"]
[White "Sulava, Nenad"]
[Black "Spinelli, Doriano"]
[WhiteElo "2544"]
[BlackElo "2155"]
[Result "1-0"]
[PlyCount "87"]
[EventDate "2007.09.02"]

1. d4 d5 2. c4 e6 3. Nf3 Be7 4. Nc3 Nf6 5. Bg5 h6 6. Bxf6 Bxf6 7. e3 c6 8. Rc1
O-O 9. Bd3 Nd7 10. cxd5 exd5 11. h4 Re8 12. g4 Bxd4 13. Nxd4 Ne5 14. Nf5 d4 15.
Ne4 Bxf5 16. gxf5 dxe3 17. Bb1 Qa5+ 18. Kf1 Rad8 19. Qe2 Qd5 20. Rg1 Nd7 21.
Qxe3 Qb5+ 22. Qd3 Qxb2 23. Qc3 Qxc3 24. Rxc3 Kf8 25. Nd6 Re5 26. Nxb7 Rb8 27.
Rb3 Nb6 28. Nd6 Rd8 29. Ne4 Rd1+ 30. Kg2 Rxb1 31. Rgxb1 Rxe4 32. Ra3 Na4 33.
Rb7 a6 34. Rd3 Nc5 35. Rd8+ Re8 36. Rxe8+ Kxe8 37. Rc7 Nd3 38. Rxc6 Nb4 39.
Rc8+ Kd7 40. Rg8 Nxa2 41. Rxg7 Ke7 42. Rh7 a5 43. Rxh6 Nb4 44. Rb6 1-0

[Event "XLIX Festival A"]
[Site "Imperia ITA"]
[Date "2007.09.03"]
[Round "2"]
[White "Del Dotto, Riccardo"]
[Black "Jurek, Josef"]
[WhiteElo "2168"]
[BlackElo "2350"]
[Result "0-1"]
[PlyCount "80"]
[EventDate "2007.09.02"]

1. d4 Nf6 2. Nf3 b6 3. Bf4 Bb7 4. e3 g6 5. h3 Bg7 6. Be2 O-O 7. O-O d6 8. Bh2
Nbd7 9. a4 a5 10. c3 e6 11. Na3 Qe7 12. Nb5 Ne8 13. Qb3 e5 14. Rfd1 e4 15. Nd2
Kh8 16. c4 f5 17. Re1 Rd8 18. Rad1 Nb8 19. Nb1 Na6 20. N1c3 Nf6 21. d5 Nd7 22.
Na2 Ne5 23. Nc1 Bc8 24. Nd4 Bd7 25. Nb5 Be8 26. Qc2 Nc5 27. b3 g5 28. Qd2 Bxb5
29. axb5 Qf6 30. Bf1 f4 31. exf4 gxf4 32. Qc2 Rde8 33. Rxe4 Nxe4 34. Qxe4 Ng6
35. Qf3 Nh4 36. Qd3 Qg5 37. Kh1 Re7 38. Na2 Rfe8 39. Qd2 Re2 40. Bxf4 Rxd2 0-1

[Event "XLIX Festival A"]
[Site "Imperia ITA"]
[Date "2007.09.03"]
[Round "2"]
[White "Faraci, Antonino"]
[Black "De Santis, Alessio"]
[WhiteElo "2051"]
[BlackElo "2345"]
[Result "0-1"]
[PlyCount "52"]
[EventDate "2007.09.02"]

1. e4 c5 2. Nf3 e6 3. d4 cxd4 4. Nxd4 a6 5. Bd3 Nf6 6. O-O Qc7 7. Kh1 Bc5 8.
Nb3 Ba7 9. Bg5 d6 10. Nc3 Bd7 11. Qe2 Nc6 12. f4 h5 13. Bxf6 gxf6 14. Rf3 h4
15. a4 Nd4 16. Nxd4 Bxd4 17. Nd1 Bc6 18. c3 Ba7 19. b4 h3 20. b5 hxg2+ 21. Qxg2
Bd7 22. Rc1 axb5 23. axb5 Qc5 24. c4 Bxb5 25. Nc3 Bc6 26. Nd5 exd5 0-1